[Event "Torneo de Navidad Base y Senior - Casino Primitivo"]
[Site "Calle Maestra 3 (Palacio de Cultura) - Jaén, Spain"]
[Date "2023.12.16"]
[Round "4.7"]
[White "Martos Exposito, Manuel"]
[Black "Barruz Ramirez, Antonio Angel"]
[Result "1-0"]
[TimeControl "10´ + 5\""]
[WhiteFideId "2206951"]
[BlackFideId "32012489"]
[WhiteElo "1952"]
[BlackElo "1364"]

1. b3 {[%clk 00:10:07]} {[%emt 00:00:03]} d5 {[%clk 00:09:55]} {[%emt
00:00:15]} 2. Bb2 {[%clk 00:10:10]} {[%emt 00:00:01]} c5 {[%clk 00:09:46]}
{[%emt 00:00:14]} 3. e3 {[%clk 00:10:14]} {[%emt 00:00:02]} Nc6 {[%clk
00:09:16]} {[%emt 00:00:36]} 4. d3 {[%clk 00:10:16]} {[%emt 00:00:02]} Nf6
{[%clk 00:09:05]} {[%emt 00:00:16]} 5. Nd2 {[%clk 00:10:18]} {[%emt 00:00:02]}
e6 {[%clk 00:08:41]} {[%emt 00:00:30]} 6. h3 {[%clk 00:10:04]} {[%emt
00:00:19]} a5 {[%clk 00:08:11]} {[%emt 00:00:36]} 7. a4 {[%clk 00:09:57]}
{[%emt 00:00:11]} g6 {[%clk 00:07:34]} {[%emt 00:00:43]} 8. Ne2 {[%clk
00:09:36]} {[%emt 00:00:26]} Bg7 {[%clk 00:07:33]} {[%emt 00:00:07]} 9. g4
{[%clk 00:09:15]} {[%emt 00:00:25]} d4 {[%clk 00:06:41]} {[%emt 00:00:57]} 10.
e4 {[%clk 00:09:09]} {[%emt 00:00:11]} e5 {[%clk 00:05:33]} {[%emt 00:01:14]}
11. Ng3 {[%clk 00:09:11]} {[%emt 00:00:02]} Bd7 {[%clk 00:05:10]} {[%emt
00:00:29]} 12. Bg2 {[%clk 00:07:59]} {[%emt 00:01:16]} Nb4 {[%clk 00:04:59]}
{[%emt 00:00:17]} 13. g5 {[%clk 00:07:21]} {[%emt 00:00:43]} Nh5 {[%clk
00:04:57]} {[%emt 00:00:07]} 14. Nxh5 {[%clk 00:07:12]} {[%emt 00:00:13]} gxh5
{[%clk 00:05:00]} {[%emt 00:00:01]} 15. h4 {[%clk 00:07:07]} {[%emt 00:00:10]}
b5 {[%clk 00:04:46]} {[%emt 00:00:20]} 16. axb5 {[%clk 00:06:43]} {[%emt
00:00:29]} Bxb5 {[%clk 00:04:48]} {[%emt 00:00:03]} 17. Bh3 {[%clk 00:05:59]}
{[%emt 00:00:49]} a4 {[%clk 00:03:41]} {[%emt 00:01:13]} 18. Nc4 {[%clk
00:05:12]} {[%emt 00:00:50]} Bxc4 {[%clk 00:03:24]} {[%emt 00:00:23]} 19. bxc4
{[%clk 00:05:04]} {[%emt 00:00:13]} Qa5 {[%clk 00:02:22]} {[%emt 00:01:07]} 20.
O-O {[%clk 00:04:57]} {[%emt 00:00:12]} O-O {[%clk 00:02:14]} {[%emt 00:00:13]}
21. c3 {[%clk 00:04:21]} {[%emt 00:00:40]} Nc6 {[%clk 00:01:55]} {[%emt
00:00:25]} 22. cxd4 {[%clk 00:04:16]} {[%emt 00:00:11]} cxd4 {[%clk 00:01:30]}
{[%emt 00:00:30]} 23. Ba3 {[%clk 00:04:06]} {[%emt 00:00:15]} Rfb8 {[%clk
00:01:20]} {[%emt 00:00:15]} 24. Qxh5 {[%clk 00:03:53]} {[%emt 00:00:17]} Nb4
{[%clk 00:00:09]} {[%emt 00:01:17]} 25. Bf5 {[%clk 00:03:51]} {[%emt 00:00:06]}
Kf8 {[%clk 00:00:07]} {[%emt 00:00:09]} 26. Bxh7 {[%emt 00:00:42]} 1-0

[Event "Torneo de Navidad Base y Senior - Casino Primitivo"]
[Site "Calle Maestra 3 (Palacio de Cultura) - Jaén, Spain"]
[Date "2023.12.16"]
[Round "5.1"]
[White "Alvarez Fernandez, Carlos Rene"]
[Black "Barruz Serrano, Antonio Angel"]
[Result "1-0"]
[TimeControl "10´ + 5\""]
[WhiteFideId "3501507"]
[BlackFideId "2287994"]
[WhiteElo "2298"]
[BlackElo "1895"]

1. d4 {[%clk 00:10:01]} {[%emt 00:00:08]} Nf6 {[%clk 00:10:01]} {[%emt
00:00:10]} 2. c4 {[%clk 00:10:05]} {[%emt 00:00:01]} e6 {[%clk 00:10:01]}
{[%emt 00:00:05]} 3. Nc3 {[%clk 00:10:07]} {[%emt 00:00:03]} d5 {[%clk
00:09:54]} {[%emt 00:00:11]} 4. cxd5 {[%clk 00:10:07]} {[%emt 00:00:05]} exd5
{[%clk 00:09:55]} {[%emt 00:00:04]} 5. Bg5 {[%clk 00:10:09]} {[%emt 00:00:03]}
Be7 {[%clk 00:09:58]} {[%emt 00:00:02]} 6. e3 {[%clk 00:10:06]} {[%emt
00:00:08]} O-O {[%clk 00:09:56]} {[%emt 00:00:07]} 7. Bd3 {[%clk 00:10:07]}
{[%emt 00:00:04]} Nbd7 {[%clk 00:09:19]} {[%emt 00:00:42]} 8. Nf3 {[%clk
00:09:52]} {[%emt 00:00:19]} h6 {[%clk 00:09:21]} {[%emt 00:00:03]} 9. Bf4
{[%clk 00:09:53]} {[%emt 00:00:05]} c6 {[%clk 00:09:17]} {[%emt 00:00:08]} 10.
Qc2 {[%clk 00:09:47]} {[%emt 00:00:11]} Re8 {[%clk 00:09:19]} {[%emt 00:00:03]}
11. g4 {[%clk 00:09:37]} {[%emt 00:00:15]} Bf8 {[%clk 00:07:37]} {[%emt
00:01:47]} 12. O-O-O {[%clk 00:09:17]} {[%emt 00:00:26]} Qa5 {[%clk 00:06:15]}
{[%emt 00:01:27]} 13. g5 {[%clk 00:09:10]} {[%emt 00:00:11]} hxg5 {[%clk
00:06:17]} {[%emt 00:00:03]} 14. Nxg5 {[%emt 00:00:05]} c5 {[%clk 00:06:05]}
{[%emt 00:00:15]} 15. Bh7+ {[%clk 00:09:13]} {[%emt 00:00:03]} Qd8 {[%emt
00:00:33]} 16. Nf3+ {[%emt 00:00:02]} 1-0

[Event "Torneo de Navidad Base y Senior - Casino Primitivo"]
[Site "Calle Maestra 3 (Palacio de Cultura) - Jaén, Spain"]
[Date "2023.12.16"]
[Round "5.3"]
[White "Cobo Montejo, Miguel Angel"]
[Black "Martos Exposito, Manuel"]
[Result "0-1"]
[TimeControl "10´ + 5\""]
[WhiteFideId "2276100"]
[BlackFideId "2206951"]
[WhiteElo "2015"]
[BlackElo "1952"]

1. d4 {[%clk 00:10:07]} {[%emt 00:00:02]} b6 {[%clk 00:10:09]} {[%emt
00:00:01]} 2. c4 {[%clk 00:10:08]} {[%emt 00:00:04]} Bb7 {[%clk 00:10:13]} 3.
Nf3 {[%clk 00:10:05]} {[%emt 00:00:08]} e6 {[%clk 00:10:17]} 4. a3 {[%clk
00:10:00]} {[%emt 00:00:10]} d6 {[%clk 00:10:20]} {[%emt 00:00:02]} 5. Nc3
{[%clk 00:10:01]} {[%emt 00:00:05]} Nd7 {[%clk 00:10:23]} {[%emt 00:00:01]} 6.
Bf4 {[%clk 00:09:50]} {[%emt 00:00:17]} g6 {[%clk 00:10:17]} {[%emt 00:00:11]}
7. Bg5 {[%clk 00:09:14]} {[%emt 00:00:41]} Ne7 {[%clk 00:10:16]} {[%emt
00:00:06]} 8. e4 {[%clk 00:08:42]} {[%emt 00:00:38]} Bg7 {[%clk 00:10:12]}
{[%emt 00:00:08]} 9. Qc2 {[%clk 00:08:22]} {[%emt 00:00:25]} h6 {[%clk
00:09:51]} {[%emt 00:00:26]} 10. Be3 {[%clk 00:08:17]} {[%emt 00:00:10]} g5
{[%clk 00:09:25]} {[%emt 00:00:31]} 11. h4 {[%clk 00:07:57]} {[%emt 00:00:25]}
g4 {[%clk 00:09:13]} {[%emt 00:00:17]} 12. Nd2 {[%clk 00:07:48]} {[%emt
00:00:14]} h5 {[%clk 00:08:35]} {[%emt 00:00:42]} 13. O-O-O {[%clk 00:06:55]}
{[%emt 00:00:58]} Ng6 {[%clk 00:07:07]} {[%emt 00:01:33]} 14. Bg5 {[%clk
00:06:00]} {[%emt 00:01:01]} Bf6 {[%clk 00:07:06]} {[%emt 00:00:06]} 15. f4
{[%clk 00:05:44]} {[%emt 00:00:21]} a6 {[%clk 00:06:06]} {[%emt 00:01:05]} 16.
f5 {[%clk 00:05:23]} {[%emt 00:00:25]} Ngf8 {[%clk 00:05:22]} {[%emt 00:00:50]}
17. Bxf6 {[%clk 00:04:49]} {[%emt 00:00:40]} Qxf6 {[%clk 00:05:15]} {[%emt
00:00:12]} 18. fxe6 {[%clk 00:04:17]} {[%emt 00:00:37]} Nxe6 {[%clk 00:05:11]}
{[%emt 00:00:09]} 19. e5 {[%clk 00:03:44]} {[%emt 00:00:38]} dxe5 {[%clk
00:04:59]} {[%emt 00:00:17]} 20. dxe5 {[%clk 00:03:25]} {[%emt 00:00:24]} Nxe5
{[%clk 00:04:37]} {[%emt 00:00:26]} 21. Nd5 {[%clk 00:02:58]} {[%emt 00:00:32]}
Bxd5 {[%clk 00:04:12]} {[%emt 00:00:31]} 22. cxd5 {[%clk 00:02:58]} {[%emt
00:00:04]} Nc5 {[%clk 00:03:22]} {[%emt 00:00:55]} 23. b4 {[%clk 00:02:38]}
{[%emt 00:00:26]} Ncd7 {[%clk 00:03:10]} {[%emt 00:00:17]} 24. Bd3 {[%clk
00:02:21]} {[%emt 00:00:21]} Nxd3+ {[%clk 00:02:44]} {[%emt 00:00:31]} 25. Qxd3
{[%clk 00:02:25]} {[%emt 00:00:01]} O-O {[%clk 00:02:36]} {[%emt 00:00:14]} 26.
Kb1 {[%clk 00:02:09]} {[%emt 00:00:21]} c5 {[%clk 00:02:22]} {[%emt 00:00:19]}
27. Rhf1 {[%clk 00:01:58]} {[%emt 00:00:16]} Qxh4 {[%clk 00:02:12]} {[%emt
00:00:15]} 28. Ne4 {[%clk 00:01:54]} {[%emt 00:00:08]} f5 {[%clk 00:02:09]}
{[%emt 00:00:09]} 29. Nd6 {[%clk 00:01:44]} {[%emt 00:00:15]} Ne5 {[%clk
00:01:55]} {[%emt 00:00:19]} 30. Qc3 {[%clk 00:01:42]} {[%emt 00:00:08]} Qf6
{[%clk 00:01:12]} {[%emt 00:00:47]} 31. Rxf5 {[%emt 00:00:10]} Qxd6 {[%clk
00:01:10]} {[%emt 00:00:06]} 32. Rxe5 {[%clk 00:01:42]} {[%emt 00:00:01]} Qg6+
{[%clk 00:01:00]} {[%emt 00:00:16]} 33. Kb2 {[%clk 00:01:42]} {[%emt 00:00:05]}
Rf2+ {[%clk 00:00:58]} {[%emt 00:00:07]} 34. Rd2 {[%clk 00:01:42]} {[%emt
00:00:06]} cxb4 {[%clk 00:00:43]} {[%emt 00:00:20]} 35. axb4 {[%clk 00:01:41]}
{[%emt 00:00:06]} Rxd2+ {[%clk 00:00:41]} {[%emt 00:00:07]} 36. Qxd2 {[%clk
00:01:45]} Qf6 {[%clk 00:00:40]} {[%emt 00:00:07]} 37. Qg5+ {[%clk 00:01:27]}
{[%emt 00:00:23]} Kf7 {[%clk 00:00:35]} {[%emt 00:00:10]} 38. Kb3 {[%clk
00:01:21]} {[%emt 00:00:12]} Qxg5 39. Rxg5 {[%clk 00:01:25]} Rh8 {[%clk
00:00:43]} 40. Kc4 {[%clk 00:01:21]} {[%emt 00:00:09]} Kf6 {[%clk 00:00:47]} 41.
Kd4 {[%emt 00:00:50]} Ke5+ 0-1

[Event "Torneo de Navidad Base y Senior - Casino Primitivo"]
[Site "Calle Maestra 3 (Palacio de Cultura) - Jaén, Spain"]
[Date "2023.12.16"]
[Round "5.4"]
[White "Abdul-Razeque Virloto, Ismael"]
[Black "Cano Padilla, Ruben Jesus"]
[Result "1/2-1/2"]
[TimeControl "10´ + 5\""]
[WhiteFideId "54598567"]
[BlackFideId "2253526"]
[WhiteElo "1610"]
[BlackElo "1850"]

1. e4 {[%clk 00:10:07]} {[%emt 00:00:03]} c5 {[%clk 00:10:08]} {[%emt
00:00:03]} 2. Nc3 {[%clk 00:10:10]} {[%emt 00:00:01]} Nc6 {[%clk 00:10:11]}
{[%emt 00:00:02]} 3. Bb5 {[%clk 00:10:13]} {[%emt 00:00:02]} Nd4 {[%clk
00:10:14]} {[%emt 00:00:02]} 4. Nf3 {[%clk 00:10:17]} {[%emt 00:00:02]} Nxb5
{[%clk 00:10:17]} {[%emt 00:00:03]} 5. Nxb5 {[%clk 00:10:20]} {[%emt 00:00:01]}
a6 {[%clk 00:10:16]} {[%emt 00:00:06]} 6. Nc3 {[%clk 00:10:23]} {[%emt
00:00:02]} d6 {[%clk 00:10:05]} {[%emt 00:00:16]} 7. d3 {[%clk 00:10:06]}
{[%emt 00:00:23]} b5 {[%clk 00:09:54]} {[%emt 00:00:16]} 8. O-O {[%clk
00:10:07]} {[%emt 00:00:04]} Nf6 {[%clk 00:09:48]} {[%emt 00:00:11]} 9. h3
{[%clk 00:08:48]} {[%emt 00:01:23]} e6 {[%clk 00:09:38]} {[%emt 00:00:15]} 10.
e5 {[%clk 00:08:32]} {[%emt 00:00:21]} dxe5 {[%clk 00:08:35]} {[%emt 00:01:08]}
11. Nxe5 {[%clk 00:08:30]} {[%emt 00:00:06]} Bb7 {[%clk 00:08:37]} {[%emt
00:00:04]} 12. Bg5 {[%clk 00:08:03]} {[%emt 00:00:31]} Be7 {[%clk 00:08:36]}
{[%emt 00:00:06]} 13. Qd2 {[%clk 00:06:19]} {[%emt 00:01:49]} O-O {[%clk
00:08:27]} {[%emt 00:00:14]} 14. Rad1 {[%clk 00:06:09]} {[%emt 00:00:16]} Nd5
{[%clk 00:07:38]} {[%emt 00:00:54]} 15. Bxe7 {[%clk 00:05:54]} {[%emt
00:00:20]} Nxe7 {[%clk 00:06:14]} {[%emt 00:01:29]} 16. Ne4 {[%clk 00:04:57]}
{[%emt 00:01:02]} Qc7 {[%clk 00:05:39]} {[%emt 00:00:40]} 17. Qf4 {[%clk
00:03:31]} {[%emt 00:01:30]} f6 {[%clk 00:04:07]} {[%emt 00:01:38]} 18. Ng6
{[%clk 00:03:34]} {[%emt 00:00:02]} Qxf4 {[%clk 00:03:44]} {[%emt 00:00:28]} 19.
Nxf4 {[%clk 00:03:37]} {[%emt 00:00:02]} Bxe4 {[%clk 00:01:28]} {[%emt
00:02:23]} 20. dxe4 {[%clk 00:03:38]} {[%emt 00:00:03]} e5 {[%clk 00:01:30]}
{[%emt 00:00:03]} 21. Ne6 {[%clk 00:03:19]} {[%emt 00:00:24]} Rfc8 {[%clk
00:01:24]} {[%emt 00:00:12]} 22. f4 {[%clk 00:02:50]} {[%emt 00:00:34]} exf4
{[%clk 00:01:19]} {[%emt 00:00:11]} 23. Nxf4 {[%clk 00:02:52]} {[%emt
00:00:01]} Rd8 {[%clk 00:00:53]} {[%emt 00:00:32]} 24. Ne6 {[%clk 00:02:52]}
{[%emt 00:00:06]} Rxd1 {[%clk 00:00:42]} {[%emt 00:00:16]} 25. Rxd1 {[%clk
00:02:54]} {[%emt 00:00:02]} Kf7 {[%clk 00:00:45]} {[%emt 00:00:02]} 26. Nxc5
{[%clk 00:02:51]} {[%emt 00:00:08]} Rc8 {[%clk 00:00:42]} {[%emt 00:00:08]} 27.
b4 {[%clk 00:02:55]} {[%emt 00:00:02]} a5 {[%clk 00:00:46]} {[%emt 00:00:02]}
28. c3 {[%clk 00:02:56]} {[%emt 00:00:03]} axb4 {[%clk 00:00:49]} {[%emt
00:00:02]} 29. cxb4 {[%clk 00:02:59]} {[%emt 00:00:02]} Ra8 {[%clk 00:00:43]}
{[%emt 00:00:11]} 30. Rd2 {[%clk 00:02:51]} {[%emt 00:00:13]} Ra7 {[%clk
00:00:32]} {[%emt 00:00:16]} 31. Kf2 {[%clk 00:02:46]} {[%emt 00:00:09]} Nc6
{[%clk 00:00:35]} {[%emt 00:00:02]} 32. Rb2 {[%clk 00:02:32]} {[%emt 00:00:19]}
Rc7 {[%clk 00:00:27]} {[%emt 00:00:14]} 33. a3 {[%clk 00:01:24]} {[%emt
00:01:13]} Ne5 {[%clk 00:00:30]} {[%emt 00:00:03]} 34. Rd2 {[%clk 00:01:08]}
{[%emt 00:00:20]} Nc4 {[%clk 00:00:29]} {[%emt 00:00:07]} 35. Rd8 {[%clk
00:00:51]} {[%emt 00:00:21]} Nxa3 {[%emt 00:00:10]} 36. Rb8 {[%clk 00:00:44]}
{[%emt 00:00:09]} Re7 {[%clk 00:00:17]} {[%emt 00:00:15]} 37. Ke3 {[%clk
00:00:37]} {[%emt 00:00:12]} Nc4+ {[%clk 00:00:08]} {[%emt 00:00:15]} 38. Kd4
{[%clk 00:00:38]} {[%emt 00:00:04]} Nd6 {[%clk 00:00:10]} {[%emt 00:00:04]} 39.
Kd5 {[%clk 00:00:28]} {[%emt 00:00:14]} Nc4 {[%clk 00:00:08]} {[%emt 00:00:07]}
40. Rxb5 {[%clk 00:00:27]} {[%emt 00:00:06]} Ne3+ {[%clk 00:00:11]} {[%emt
00:00:02]} 41. Kd4 {[%clk 00:00:23]} {[%emt 00:00:09]} Nxg2 {[%clk 00:00:15]}
{[%emt 00:00:01]} 42. Rb7 {[%clk 00:00:22]} {[%emt 00:00:06]} Nf4 {[%clk
00:00:17]} {[%emt 00:00:03]} 43. Rxe7+ {[%clk 00:00:16]} {[%emt 00:00:11]} Kxe7
{[%clk 00:00:21]} {[%emt 00:00:01]} 44. Kc4 {[%clk 00:00:11]} {[%emt 00:00:10]}
Nxh3 {[%clk 00:00:25]} {[%emt 00:00:02]} 45. Kd5 {[%clk 00:00:08]} {[%emt
00:00:08]} Nf4+ {[%clk 00:00:27]} {[%emt 00:00:02]} 46. Kc6 {[%clk 00:00:12]}
{[%emt 00:00:01]} g5 {[%clk 00:00:30]} {[%emt 00:00:03]} 47. b5 {[%emt
00:00:03]} Ne2 {[%emt 00:00:04]} 48. b6 {[%clk 00:00:19]} Nd4+ {[%clk
00:00:31]} {[%emt 00:00:05]} 49. Kc7 {[%clk 00:00:20]} {[%emt 00:00:03]} Nb5+
{[%clk 00:00:34]} {[%emt 00:00:02]} 50. Kc6 {[%clk 00:00:24]} {[%emt 00:00:01]}
Nd6 {[%clk 00:00:38]} {[%emt 00:00:02]} 51. Nb7 {[%clk 00:00:23]} {[%emt
00:00:05]} Nxb7 {[%clk 00:00:21]} {[%emt 00:00:22]} 52. Kxb7 {[%clk 00:00:26]}
{[%emt 00:00:02]} g4 {[%clk 00:00:25]} 53. Ka6 {[%clk 00:00:30]} {[%emt
00:00:02]} g3 {[%clk 00:00:29]} {[%emt 00:00:01]} 54. b7 {[%clk 00:00:34]} g2
{[%clk 00:00:34]} {[%emt 00:00:01]} 55. b8=Q {[%clk 00:00:36]} {[%emt
00:00:03]} g1=Q {[%clk 00:00:37]} {[%emt 00:00:01]} 56. Qb7+ {[%emt 00:00:23]}
1/2-1/2

[Event "Torneo de Navidad Base y Senior - Casino Primitivo"]
[Site "Calle Maestra 3 (Palacio de Cultura) - Jaén, Spain"]
[Date "2023.12.16"]
[Round "5.5"]
[White "Lopez Munoz, Miguel Angel"]
[Black "Cabecerans Cabecerans, Enrique"]
[Result "1-0"]
[TimeControl "10´ + 5\""]
[WhiteFideId "2245116"]
[BlackFideId "54514207"]
[WhiteElo "1802"]
[BlackElo "1553"]

1. e4 {[%clk 00:10:06]} {[%emt 00:00:02]} e5 {[%clk 00:10:08]} {[%emt
00:00:03]} 2. Nf3 {[%clk 00:10:09]} {[%emt 00:00:02]} Nc6 {[%clk 00:10:11]}
{[%emt 00:00:03]} 3. Bc4 {[%clk 00:10:12]} {[%emt 00:00:01]} Nf6 {[%clk
00:10:05]} {[%emt 00:00:12]} 4. d3 {[%clk 00:10:08]} {[%emt 00:00:08]} Bc5
{[%clk 00:10:08]} {[%emt 00:00:02]} 5. Be3 {[%clk 00:10:08]} {[%emt 00:00:05]}
Bxe3 {[%clk 00:10:10]} {[%emt 00:00:04]} 6. fxe3 {[%clk 00:10:10]} {[%emt
00:00:03]} O-O {[%clk 00:10:12]} {[%emt 00:00:03]} 7. O-O {[%clk 00:10:07]}
{[%emt 00:00:08]} d6 {[%clk 00:10:14]} {[%emt 00:00:03]} 8. h3 {[%clk
00:10:10]} {[%emt 00:00:02]} Na5 {[%clk 00:10:13]} {[%emt 00:00:06]} 9. Nbd2
{[%clk 00:10:07]} {[%emt 00:00:08]} Nxc4 {[%clk 00:10:15]} {[%emt 00:00:03]} 10.
Nxc4 {[%clk 00:10:10]} {[%emt 00:00:02]} h6 {[%clk 00:09:37]} {[%emt 00:00:43]}
11. Qe1 {[%clk 00:10:10]} {[%emt 00:00:04]} Nh5 {[%clk 00:09:03]} {[%emt
00:00:40]} 12. Nh4 {[%clk 00:10:10]} {[%emt 00:00:06]} Kh7 {[%clk 00:08:41]}
{[%emt 00:00:27]} 13. g4 {[%clk 00:10:05]} {[%emt 00:00:10]} Nf6 {[%clk
00:08:38]} {[%emt 00:00:07]} 14. Rf3 {[%clk 00:09:52]} {[%emt 00:00:18]} Nxg4
{[%clk 00:08:12]} {[%emt 00:00:32]} 15. hxg4 {[%clk 00:09:40]} {[%emt
00:00:18]} Bxg4 {[%clk 00:08:14]} {[%emt 00:00:03]} 16. Rf1 {[%clk 00:09:22]}
{[%emt 00:00:22]} Qg5 {[%clk 00:07:53]} {[%emt 00:00:26]} 17. Qg3 {[%clk
00:09:20]} {[%emt 00:00:07]} Rae8 {[%clk 00:07:11]} {[%emt 00:00:47]} 18. Nd2
{[%clk 00:09:13]} {[%emt 00:00:12]} h5 {[%clk 00:07:09]} {[%emt 00:00:07]} 19.
Ndf3 {[%clk 00:09:14]} {[%emt 00:00:05]} Qxe3+ {[%clk 00:07:08]} {[%emt
00:00:06]} 20. Kg2 {[%clk 00:09:04]} {[%emt 00:00:21]} Re6 {[%clk 00:06:00]}
{[%emt 00:01:16]} 21. Rae1 {[%clk 00:09:02]} {[%emt 00:00:07]} Qc5 {[%clk
00:05:53]} {[%emt 00:00:11]} 22. Ng5+ {[%clk 00:09:03]} {[%emt 00:00:03]} Kg8
{[%clk 00:05:53]} {[%emt 00:00:06]} 23. Nxe6 {[%clk 00:09:05]} {[%emt
00:00:03]} Bxe6 {[%clk 00:05:56]} {[%emt 00:00:02]} 24. Nf5 {[%clk 00:08:58]}
{[%emt 00:00:12]} g6 {[%clk 00:05:48]} {[%emt 00:00:13]} 25. Rf2 {[%clk
00:08:54]} {[%emt 00:00:09]} Kh7 {[%clk 00:05:45]} {[%emt 00:00:08]} 26. Nh4
{[%clk 00:08:46]} {[%emt 00:00:12]} Qc6 {[%clk 00:05:01]} {[%emt 00:00:50]} 27.
Ref1 {[%clk 00:08:33]} {[%emt 00:00:18]} Kg7 {[%clk 00:03:30]} {[%emt
00:01:37]} 28. Nxg6 {[%clk 00:07:58]} {[%emt 00:00:40]} Bg4 {[%clk 00:03:22]}
{[%emt 00:00:12]} 29. Nxf8 {[%clk 00:07:57]} {[%emt 00:00:07]} 1-0

[Event "Torneo de Navidad Base y Senior - Casino Primitivo"]
[Site "Calle Maestra 3 (Palacio de Cultura) - Jaén, Spain"]
[Date "2023.12.16"]
[Round "5.6"]
[White "Hernandez Hurtado, Jose Carlos"]
[Black "Blanca Almagro, Miguel Angel"]
[Result "1-0"]
[TimeControl "10´ + 5\""]
[WhiteFideId "32096305"]
[BlackFideId "2245051"]
[WhiteElo "1568"]
[BlackElo "1776"]

1. e4 {[%clk 00:10:08]} {[%emt 00:00:01]} c5 {[%clk 00:10:08]} {[%emt
00:00:03]} 2. Nf3 {[%clk 00:10:11]} {[%emt 00:00:01]} d6 {[%clk 00:10:12]}
{[%emt 00:00:01]} 3. d4 {[%clk 00:10:12]} {[%emt 00:00:05]} cxd4 {[%clk
00:10:14]} {[%emt 00:00:02]} 4. Nxd4 {[%clk 00:10:15]} {[%emt 00:00:02]} Nf6
{[%clk 00:10:18]} 5. Nc3 {[%clk 00:10:13]} {[%emt 00:00:08]} a6 {[%clk
00:10:22]} {[%emt 00:00:02]} 6. Be3 {[%clk 00:10:14]} {[%emt 00:00:03]} Ng4
{[%clk 00:10:25]} {[%emt 00:00:03]} 7. Qd2 {[%clk 00:09:51]} {[%emt 00:00:28]}
Nxe3 {[%clk 00:10:26]} {[%emt 00:00:03]} 8. Qxe3 {[%clk 00:09:54]} {[%emt
00:00:02]} g6 {[%clk 00:10:30]} 9. Be2 {[%clk 00:09:53]} {[%emt 00:00:08]} Bg7
{[%clk 00:10:34]} {[%emt 00:00:02]} 10. O-O-O {[%clk 00:09:48]} {[%emt
00:00:10]} Nc6 {[%clk 00:10:36]} {[%emt 00:00:03]} 11. Nxc6 {[%clk 00:09:47]}
{[%emt 00:00:06]} bxc6 {[%clk 00:10:39]} {[%emt 00:00:01]} 12. f4 {[%clk
00:09:42]} {[%emt 00:00:10]} Qa5 {[%clk 00:10:35]} {[%emt 00:00:10]} 13. Bc4
{[%clk 00:09:09]} {[%emt 00:00:37]} Rb8 {[%clk 00:10:31]} {[%emt 00:00:10]} 14.
Bb3 {[%clk 00:09:10]} {[%emt 00:00:04]} O-O {[%clk 00:10:26]} {[%emt 00:00:10]}
15. h4 {[%clk 00:09:04]} {[%emt 00:00:11]} Be6 {[%clk 00:10:29]} {[%emt
00:00:02]} 16. h5 {[%clk 00:08:50]} {[%emt 00:00:19]} Bg4 {[%clk 00:10:24]}
{[%emt 00:00:11]} 17. Rdg1 {[%clk 00:08:46]} {[%emt 00:00:07]} Bxc3 {[%clk
00:10:16]} {[%emt 00:00:14]} 18. bxc3 {[%clk 00:08:27]} {[%emt 00:00:24]} Qb6
{[%clk 00:09:17]} {[%emt 00:01:04]} 19. Qg3 {[%clk 00:08:15]} {[%emt 00:00:17]}
Be6 {[%clk 00:08:48]} {[%emt 00:00:34]} 20. hxg6 {[%clk 00:07:59]} {[%emt
00:00:21]} Bxb3 {[%clk 00:08:51]} {[%emt 00:00:02]} 21. Qh3 {[%clk 00:04:01]}
{[%emt 00:04:03]} Qxg1+ {[%clk 00:08:36]} {[%emt 00:00:20]} 22. Rxg1 {[%clk
00:03:59]} {[%emt 00:00:07]} fxg6 {[%clk 00:08:39]} {[%emt 00:00:02]} 23. axb3
{[%clk 00:03:59]} {[%emt 00:00:05]} Rxf4 {[%clk 00:08:35]} {[%emt 00:00:08]} 24.
Qe6+ {[%clk 00:03:59]} {[%emt 00:00:05]} Rf7 {[%clk 00:08:37]} {[%emt
00:00:02]} 25. Rf1 {[%clk 00:03:52]} {[%emt 00:00:12]} Rbf8 {[%clk 00:08:41]}
{[%emt 00:00:02]} 26. Rxf7 {[%clk 00:03:55]} {[%emt 00:00:02]} Rxf7 {[%clk
00:08:45]} 27. Qc8+ {[%clk 00:03:59]} {[%emt 00:00:01]} Kg7 {[%clk 00:08:48]}
{[%emt 00:00:01]} 28. Qxc6 {[%clk 00:04:02]} {[%emt 00:00:03]} 1-0